Introduccion a las finanzas/ (Registro nro. 8977)

Detalles MARC
000 -LEADER
fixed length control field 01002nam a2200193Ia 4500
005 - FECHA Y HORA DE LA ÚLTIMA TRANSACCIÓN
control field 20230824153232.0
008 - FIXED-LENGTH DATA ELEMENTS--GENERAL INFORMATION
fixed length control field 230823s9999 xx 000 0 und d
020 ## - INTERNATIONAL STANDARD BOOK NUMBER
International Standard Book Number 970103824X
040 ## - CATALOGING SOURCE
Original cataloging agency UPAN
Transcribing agency Biblioteca San Vicente
Description conventions RCAA2
041 ## - LANGUAGE CODE
Language code of text/sound track or separate title spa
082 ## - DEWEY DECIMAL CLASSIFICATION NUMBER
Classification number 658.15
Item number O784i
año de publicación 2002
100 ## - MAIN ENTRY--PERSONAL NAME
Personal name Ortega Castro, Alfonso
Relator code aut.
245 #0 - TITLE STATEMENT
Title Introduccion a las finanzas/
Remainder of title Alfonso Ortega Castro
260 ## - PUBLICATION, DISTRIBUTION, ETC. (IMPRINT)
Place of publication, distribution, etc Mexico:
Name of publisher, distributor, etc McGraw Hill,
Date of publication, distribution, etc 2002
300 ## - PHYSICAL DESCRIPTION
Extent 417 p.;
Dimensions 23 cm.
505 ## - FORMATTED CONTENTS NOTE
Formatted contents note Capitulo 1. Función financiera<br/>Capitulo 2. Anàlisis financiero<br/>Capitulo 3. Sistema financiero mexicano<br/>Capitulo 4. Sistema financiero internacional<br/>Capitulo 5. Capital de trabajo<br/>Capitulo 6. Administración de cuentas por cobrar<br/>Capitulo 7. Administración del efectivo<br/>Capitulo 8. Administración de inventarios<br/>Capitulo 9. Financiamiento a corto y largo plazos <br/>Capitulo 10. Anàlisis y evaluación integral de los estados financieros para fines de crédito
650 ## - SUBJECT ADDED ENTRY--TOPICAL TERM
Source of heading or term LEMB
General subdivision Finanza
942 ## - ADDED ENTRY ELEMENTS (KOHA)
Koha item type Libros
Source of classification or shelving scheme Dewey Decimal Classification
Existencias
Withdrawn status Lost status Source of classification or shelving scheme Damaged status Not for loan Collection code Home library Current library Date acquired Total Checkouts Full call number Barcode Date last seen Copy number Price effective from Koha item type
    Dewey Decimal Classification     Colección General Biblioteca UPAN San Vicente Biblioteca UPAN San Vicente 23/08/2023   658.15 O784i 12001685 23/08/2023 01 23/08/2023 Libros